000 00635nam a2200181 a 4500
008 100120s2006 ||||||||||||||||| || u
020 _a9780240519999
050 _aTK 7881.4 Col
100 _aCollins, Mike
245 1 0 _aPro tools LE & M-powered: the complete guide.
_cMike Collins
260 _aAmsterdam:
_bElsevier
_c2006
300 _axxix, 356p.: ill.
350 _a0.00
650 _aSOUND
650 _aDIGITAL AUDIO EDITORS
650 _aPRO TOOLS
995 _D0.00
_FCBU-MAIN LIBRARY (Kitwe)
_H1
_I0.00
_M1
_UAVAILABLE
_WApr 8, 2010
_ZMain Library Open Access Collection
999 _c54725
_d54725